Statystyki dla Skocznie w sezonie 2004/2005

Kliknij tutaj aby rozwiązać quiz!

Ogólne statystyki

  • Ten quiz został rozwiązany 16 razy
  • Średni wynik to 16 z 19

Statystyki odpowiedzi

Skocznia% Poprawnych
19Planica
100%
12Zakopane
100%
4Engelberg
87%
6Garmisch - Partenkirchen
87%
7Innsbruck
87%
10Kulm/Bad Mitterndorf
87%
15Lahti
87%
17Lillehammer
87%
18Oslo
87%
1Ruka/Kuusamo
87%
9Willingen
87%
16Kuopio
80%
5Oberstdorf
80%
13Sapporo
80%
2Trondheim
80%
8Bischofshofen
73%
3Harrachov
73%
14Pragelato
60%
11Titisee - Neustadt
60%

Rozkład punktacji

Percentyl według liczby udzielonych odpowiedzi

Procent ludzi z każdym wynikiem

Twoja historia wyników

Nie rozwiązałeś tego quizu